Which Bible? / (Record no. 1040)

MARC details
000 -LEADER
fixed length control field 00869cam a2200289 a 4500
001 - CONTROL NUMBER
control field 117665
003 - CONTROL NUMBER IDENTIFIER
control field GBCCL
005 - DATE AND TIME OF LATEST TRANSACTION
control field 20241126110352.0
008 - FIXED-LENGTH DATA ELEMENTS--GENERAL INFORMATION
fixed length control field 751201s1975 miu b 001 0 eng d
020 ## - INTERNATIONAL STANDARD BOOK NUMBER
International Standard Book Number 0944355242
035 ## - SYSTEM CONTROL NUMBER
System control number (OCoLC)ocm01865882
040 ## - CATALOGING SOURCE
Original cataloging agency SPI
Transcribing agency SPI
Modifying agency LBB
049 ## -
-- LBBK
082 ## - DEWEY DECIMAL CLASSIFICATION NUMBER
Classification number 220.52
Item number WHI
090 ## - LOCALLY ASSIGNED LC-TYPE CALL NUMBER (OCLC); LOCAL CALL NUMBER (RLIN)
Classification number (OCLC) (R) ; Classification number, CALL (RLIN) (NR) BS186
Local cutter number (OCLC) ; Book number/undivided call number, CALL (RLIN) .F8 1975
092 ## - LOCALLY ASSIGNED DEWEY CALL NUMBER (OCLC)
Classification number 220.52
Item number FULL, 1975
100 1# - MAIN ENTRY--PERSONAL NAME
Personal name Fuller, David Otis,
Dates associated with a name 1903-
Relator term ed.
9 (RLIN) 1801
245 10 - TITLE STATEMENT
Title Which Bible? /
Statement of responsibility, etc. edited by David Otis Fuller.
250 ## - EDITION STATEMENT
Edition statement 5th ed.
260 ## - PUBLICATION, DISTRIBUTION, ETC.
Place of publication, distribution, etc. Grand Rapids :
Name of publisher, distributor, etc. Grand Rapids International Publications,
Date of publication, distribution, etc. c1975.
300 ## - PHYSICAL DESCRIPTION
Extent 350 p. ;
Dimensions 21 cm.
504 ## - BIBLIOGRAPHY, ETC. NOTE
Bibliography, etc. note Includes bibliographical references and index.
630 00 - SUBJECT ADDED ENTRY--UNIFORM TITLE
Uniform title Bible.
Language of a work English
General subdivision Versions
-- Authorized.
9 (RLIN) 1802
630 00 - SUBJECT ADDED ENTRY--UNIFORM TITLE
Uniform title Bible
General subdivision Versions.
9 (RLIN) 1803
630 00 - SUBJECT ADDED ENTRY--UNIFORM TITLE
Uniform title Bible
General subdivision Criticism, Textual.
9 (RLIN) 1804
942 ## - ADDED ENTRY ELEMENTS (KOHA)
Source of classification or shelving scheme Dewey Decimal Classification
Koha item type Books
Holdings
Withdrawn status Lost status Source of classification or shelving scheme Damaged status Not for loan Home library Current Library Shelving location Date acquired Total checkouts Full call number Barcode Date last seen Copy number Price effective from Koha item type
    Dewey Decimal Classification     GRACE BIBLE COLLEGE GRACE BIBLE COLLEGE Biblical Studies 2017-04-10   220.52 WHI 004995 2025-05-01 c.1 2017-04-10 Books
© Grace Bible College Library 2025